| 000 | 02511cam a2200421 a 4500 | ||
|---|---|---|---|
| 001 | 17157491 | ||
| 005 | 20170105102916.0 | ||
| 008 | 120209t20132013enkab b 001 0 eng d | ||
| 010 | _a 2012932937 | ||
| 015 |
_aGBB288446 _2bnb |
||
| 016 | 7 |
_a016162900 _2Uk |
|
| 020 | _a9781409400707 (hbk.) | ||
| 020 | _a1409400700 (hbk.) | ||
| 035 | _a(OCoLC)ocn809562452 | ||
| 040 |
_aUKMGB _beng _cUKMGB _dOCLCO _dYDXCP _dBTCTA _dKIJ _dTXA _dBWX _dORC _dCHVBK _dCUS _dOCLCO _dVVC _dDLC |
||
| 042 | _alccopycat | ||
| 043 | _amm----- | ||
| 050 | 0 | 0 |
_aCB353 _b.L378 2013 |
| 082 | 0 | 4 |
_a949.5013 _223 |
| 245 | 0 | 0 |
_aLate antiquity on the eve of Islam / _cedited by Averil Cameron. |
| 300 |
_alxviii, 452 pages : _billustrations, maps ; _c25 cm. |
||
| 490 | 1 |
_aThe formation of the classical Islamic world ; _vvolume 1 |
|
| 500 | _aA critical selection of research articles previously published. Articles published in languages other than English have been translated. | ||
| 504 | _aIncludes bibliographical references (pages xxxix-lxviii) and index. | ||
| 505 | 0 | _aExplosion of late antiquity / Andrea Giardina -- The other transition: from the ancient world to feudalism / Chris Wickham -- The Nika Riot: a reappraisal / Geoffrey Greatrex -- The Justinianic plague revisited / Dionysios Stathakopoulos -- The origins of the manorial economy: new insights from late antiquity / Peter Sarris -- Ruling the late Roman and early Byzantine city: a continuous history / Mark Whittow -- Syria in transition, AD 55-750: an archaeological approach / Clive Foss -- Recruitment in Roman armies from Justinian to Heraclius (ca. 565-615) / Michael Whitby -- Heraclius' Persian campaigns and the revival of the East Roman empire, 622-630 / James Howard-Johnston -- John Moschus and his friend Sophronius the sophist / Henry Chadwick -- Holy images and likeness / Gilbert Dagron. | |
| 650 | 0 | _aIslamic civilization. | |
| 650 | 0 | _aCivilization, Medieval. | |
| 651 | 0 |
_aByzantine Empire _xHistory _y527-1081. |
|
| 651 | 0 |
_aByzantine Empire _xCivilization _y527-1081. |
|
| 651 | 0 |
_aByzantine Empire _xForeign relations _y527-1081. |
|
| 651 | 0 |
_aByzantine Empire _xPolitics and government _y527-1081. |
|
| 651 | 0 |
_aByzantine Empire _xHistory, Military _y527-1081. |
|
| 700 | 1 |
_aCameron, Averil, _eeditor of compilation. |
|
| 830 | 0 |
_aFormation of the classical Islamic world ; _vv. 1. |
|
| 906 |
_a7 _bcbc _ccopycat _d2 _encip _f20 _gy-gencatlg |
||
| 942 |
_2ddc _cBK |
||
| 999 |
_c15342 _d15342 |
||